000
00260nam a2200097Ia 4500
001
1098613
005
20250827003115.0
008
250824s9999 xx 000 0 und d
245
0
_a
BU KİTABI SAKIN OKUMA -TAMAM
_c
MEHMET YILDIZ
260
_b
HAYY KİTAP YAYINLARI
999
_c
1098613
_d
1098613